|
|
|
|
| LEADER |
01456nam a2200325 a 4500 |
| 001 |
26994 |
| 003 |
BD-DhAAL |
| 005 |
20250703153840.0 |
| 008 |
170718s2012 b a f0f000 0 ben d |
| 020 |
|
|
|a 9789848920107
|
| 040 |
|
|
|a BD-DhAAL
|d BD-DhAAL
|
| 041 |
|
|
|a ben
|
| 082 |
0 |
0 |
|a 378.33095492
|2 22
|
| 110 |
1 |
|
|a বাংলাদেশ
|b বিশ্ববিদ্যালয় মঞ্জুরী কমিশন.
|9 3765
|
| 245 |
1 |
0 |
|a ৩৮তম বার্ষিক প্রতিবেদন ২০১১
|
| 246 |
1 |
|
|i Parallel title on t.p. verso:
|a Annual report
|
| 246 |
1 |
|
|i Title on t.p. verso:
|a Barshik protibedon
|
| 260 |
|
|
|a ঢাকা :
|b বাংলাদেশ বিশ্ববিদ্যালয় মঞ্জুরী কমিশন,
|c ২০১২.
|
| 300 |
|
|
|a xxxii, ৪১৯ পৃষ্ঠা :
|b চিত্র ;
|c ২৪ সে.মি.
|
| 310 |
|
|
|a বার্ষিক
|
| 526 |
|
|
|a AAL
|
| 541 |
|
|
|e 26994
|
| 546 |
|
|
|a In Bengali.
|
| 610 |
1 |
0 |
|a Bangladesh.
|b University Grants Commission
|v Periodicals.
|9 3766
|
| 650 |
|
0 |
|a Education, Higher
|z Bangladesh
|v Periodicals.
|9 3767
|
| 650 |
|
0 |
|a Government aid to higher education
|z Bangladesh
|v Periodicals.
|9 3768
|
| 852 |
1 |
|
|a Ayesha Abed Library
|c General Shelf.
|
| 942 |
|
|
|2 ddc
|c BK
|
| 999 |
|
|
|c 38216
|d 38216
|
| 952 |
|
|
|0 0
|1 0
|2 ddc
|4 0
|6 378_330954920000000_BAR
|7 0
|9 60915
|a BRACUL
|b BRACUL
|c GEN
|d 2017-07-18
|l 0
|o 378.33095492 BAR
|p 3010026994
|r 2017-07-18
|t 1
|w 2017-07-18
|y BK
|